LEADER 01200nam a2200289 4500 001 000000343599 003 CaOOAMICUS 005 20210105155601.0 008 210105s2020 vc 000 u ita r 020 $a978-88-465-1273-4 040 $aSeMil$bita 100 1 $aBulgakov, Sergej Nikolaevi?,$d<1871-1944>.$0(OLS)http://semarc/name/7753 240 10$aChristos v mire.$0(OLS)http://semarc/title/432600 245 10$aCristo nel mondo /$cSergej N. Bulgakov . 264 1$aCittą del Vaticano :$bLateran University Press,$c2020. 300 $a113 p. ;$c22 cm 490 1 $aVivae voces ;$v51 500 $aTrad. a cura di Giovanni Guaita 650 4$aTeodicea.$0(OLS)http://semarc/subject/1184 830 0$aVivae voces ;$v51.$0(OLS)http://semarc/title/37435 850 $aSeMil 852 $aSeMil$W1$xVenegono$y1$m2D II 562$j223419$B234624$CSeMilBibl$Z2$F234624 $81 961 $aBrambilla don Paolo - Omaggio 996 $6020$a978-88-465-1273-4$9(OLS)http://semarc/number/291973 996 $6245$aCristo nel mondo$9(OLS)http://semarc/title/432601 996 $6264$aCittą del Vaticano :$bLateran University Press$9(OLS)http://semarc/publisher/34661 LEADER 01119nam a2200253 i 4500 001 000000223532 003 CaOOAMICUS 005 20131015000000.0 008 131015s2004 it u000 u ger u 013 $a202429 020 $a3-7917-1926-2 040 $aSeMil$bita 100 1 $aWessely, Christian <1965- >.$0(OLS)http://semarc/name/77946 245 10$aGekommen, um zu dienen :$bder Diakonat aus fundamentaltheologisch-ekklesiologischer Sicht /$cChristian Wessely. 260 $aRegensburg :$bPustet,$c2004. 300 $a383 p. ;$c24 cm. 650 4$aDiaconato permanente.$0(OLS)http://semarc/subject/8044 650 4$aDiaconato - Sec. 20.-21.$0(OLS)http://semarc/subject/9337 850 $aSeMil 852 $aSeMil$W1$xVenegono$y1$m2B VI 364$j173878$B173878$CSeMilBibl$Z2$F186467 $81 961 $aOmaggio: Bressan don Luca 996 $6020$a3-7917-1926-2$9(OLS)http://semarc/number/223570 996 $6245$aGekommen, um zu dienen :$bder Diakonat aus fundamentaltheologisch-ekklesiologischer Sicht$9(OLS)http://semarc/title/320518 996 $6260$aRegensburg :$bPustet$9(OLS)http://semarc/publisher/31833